| 000 | 02280nam0a2200325 4500 | ||
|---|---|---|---|
| 001 | RU\NLR\BIBL_A\022679685 | ||
| 005 | 20260420061035.0 | ||
| 010 |
_a978-5-9967-3415-3 _9100 |
||
| 021 |
_aRU _bКН-П-25-063900 _9КН-П-25-6190 |
||
| 035 | _a(NLR Aleph) 022679685 | ||
| 090 |
_a13686564 _c13686564 |
||
| 100 | _a20251204d2025 u y0rusy50 ca | ||
| 101 | 0 | _arus | |
| 102 | _aRU | ||
| 105 | _aa|||j|||000yy | ||
| 181 | 0 |
_ai3 _baxxe |
|
| 182 | 0 | _an | |
| 200 | 1 |
_aАва-терапия как средство коррекции расстройства аутистического спектра у детей младшего школьного возраста _eучебно-методическое пособие _eдля студентов направления подготовки 44.04.03 "Специальное (дефектологическое) образование" очной и заочной форм обучения _fА. Д. Словягина, Е. Л. Мицан _gМинистерство науки и высшего образования Российской Федерации, Федеральное государственное бюджетное образовательное учреждение высшего образования "Магнитогорский государственный технический университет им. Г. И. Носова" |
|
| 203 |
_aТекст _bвизуальный _cнепосредственный |
||
| 210 |
_aМагнитогорск _cИздательский центр ФГБОУ ВО "МГТУ им. Г. И. Носова" _d2025 |
||
| 215 |
_a49 с. _cил., табл. _d21 |
||
| 320 | _aБиблиогр.: с. 48-49 (10 назв.) | ||
| 606 | 1 |
_aДети с аутизмом _jУчебно-методические пособия для высших учебных заведений _xВоспитание и обучение _xАВА-терапии метод _92696620 _3RU\NLR\AUTH\6601766199 |
|
| 686 | 1 | _aЧ439.712.210.3я73 | |
| 700 | 1 |
_aСловягина _bА. Д. _gАлёна Денисовна |
|
| 701 | 1 |
_aМицан _bЕ. Л. _gЕлена Леонидовна |
|
| 942 | _cBOOK | ||
| 980 | _aNB | ||